| 000 | 00428nam 22001573 4500 | ||
|---|---|---|---|
| 001 | 201069 | ||
| 090 | _a201069 | ||
| 100 | _a20260309d u||y0pory50 ba | ||
| 200 |
_aLudwing van Beethoven _fJean e Brigitte Massin |
||
| 210 |
_aLisboa _cEditorial Estampa _d1972 |
||
| 215 |
_a219 p. _cbrochado _d21 cm |
||
| 606 |
_91103 _aMúsica |
||
| 675 |
_a78 _vPT _zpor |
||
| 700 |
_916721 _aMassin _bJean e Brigite |
||
| 801 |
_aPT _bBMMN _gRPC |
||
| 990 | _cLIVROS | ||